000 00571nam a22001935i 4500
001 68575
003 ES-MaACL
007 t|
008 960809s1867 gw ||||1| eng d
040 _aCAM
_bspa
_cCAM
100 1 _aGaskell, Elizabeth.
_955873
245 1 0 _aCousin Phillis and other tales /
_cby Mrs. Gaskell.
260 _aLeipzig :
_bBernhard Tauchnitz,
_c1867.
300 _a304 p. ;
_c16 cm.
490 1 _aCollection of British authors ;
_v891
830 0 _aCollection of British authors ;
_v891
_9180703
852 _aES-MaACL
_jG-12440
999 _c68575
_d68575